DeFi vs. CeFi: Brusel otevírá dveře decentralizovaným financím
Návrh nového nariadenie o trhoch kryptoaktív (MiCA) zavádza novú oblasť regulácie, ktorá je nezávislá a vylučuje kľúčové predpisy ako je MiFID II, regulácia elektronických peňazí a PSD 2. Prináša istotu do finančného odvetia, ktoré má ambície prekonať krízu. Európska únia a jej možnosť stať sa trhom...
Salvato in:
| Autore principale: | |
|---|---|
| Natura: | Capitolo di libro |
| Lingua: | ceco |
| Soggetti: | |
| Tags: |
Nessun Tag, puoi essere il primo ad aggiungerne!!
|
MARC
| LEADER | 00000naa a2200000 4500 | ||
|---|---|---|---|
| 001 | 0269324 | ||
| 005 | 20201020093919.8 | ||
| 041 | 0 | |a cze | |
| 044 | |a CZ | ||
| 245 | 1 | 0 | |a DeFi vs. CeFi: Brusel otevírá dveře decentralizovaným financím |c Jan Klesla |
| 520 | |a Návrh nového nariadenie o trhoch kryptoaktív (MiCA) zavádza novú oblasť regulácie, ktorá je nezávislá a vylučuje kľúčové predpisy ako je MiFID II, regulácia elektronických peňazí a PSD 2. Prináša istotu do finančného odvetia, ktoré má ambície prekonať krízu. Európska únia a jej možnosť stať sa trhom s najlepšími podmienkami pre decentralizované financie. | ||
| 610 | 2 | 0 | |a financie |
| 610 | 2 | 0 | |a regulácia |
| 610 | 2 | 0 | |a kríza finančná |
| 610 | 2 | 0 | |a trh finančný |
| 100 | 1 | |a Klesla, Jan | |